[Event "SF Katernberg 2 - DJK Aufwärts Aachen 2"]
[Site "NRW-Klasse, Gruppe 2 2014/201"]
[Date "2015.03.22"]
[Round "8.6"]
[White "Imcke, Patrick"]
[Black "Van Dooren, Dirk"]
[Result "0-1"]
[WhiteElo "2089"]
[BlackElo "2196"]
[PlyCount "58"]
[EventDate "2015.??.??"]
[WhiteTeam "SF Katernberg 2"]
[BlackTeam "DJK Aufwärts Aachen 2"]

1. e4 e5 2. Nf3 Nc6 3. Bc4 Bc5 4. b4 Bxb4 5. c3 Ba5 6. d4 exd4 7. O-O Nge7 8.
Qb3 O-O 9. cxd4 Bb6 10. d5 Na5 11. Qc3 Nxc4 12. Qxc4 d6 13. Bb2 Ng6 14. Qc3 f6
15. Nbd2 Qe8 16. a4 Nf4 17. Kh1 Bd7 18. a5 Bc5 19. Nd4 Qh5 20. N2b3 Qg4 21. g3
Ne2 22. Qd3 Nxd4 23. Nxd4 f5 24. f3 fxe4 25. fxe4 Rae8 26. Nf5 Qxe4+ 27. Qxe4
Rxe4 28. Nxg7 Rxf1+ 29. Rxf1 Bh3 0-1

[Event "SF Katernberg 2 - DJK Aufwärts Aachen 2"]
[Site "NRW-Klasse, Gruppe 2 2014/201"]
[Date "2015.03.22"]
[Round "8.7"]
[White "Juegel, Marcel"]
[Black "Rosen, Willy"]
[Result "0-1"]
[WhiteElo "2162"]
[BlackElo "2155"]
[PlyCount "120"]
[EventDate "2015.??.??"]
[WhiteTeam "DJK Aufwärts Aachen 2"]
[BlackTeam "SF Katernberg 2"]

1. d4 Nf6 2. Nf3 e6 3. e3 b6 4. Bd3 Bb7 5. Nbd2 d5 6. O-O Be7 7. b3 O-O 8. Bb2
c5 9. Ne5 Ne4 10. Nxe4 dxe4 11. Bc4 Bd5 12. Be2 f6 13. Nc4 Nd7 14. f3 Qc7 15.
fxe4 Bxe4 16. Bf3 Bxf3 17. Rxf3 b5 18. Na3 a6 19. Rh3 Rfd8 20. c4 b4 21. Nb1
Nf8 22. Qf3 Qb6 23. d5 a5 24. Nd2 a4 25. e4 a3 26. Bc1 Bd6 27. Rb1 Ra7 28. Nf1
Be5 29. Be3 Bd4 30. Ng3 Bxe3+ 31. Qxe3 Ng6 32. Rf1 Re7 33. Qf2 Ne5 34. Nh5 exd5
35. exd5 Ng6 36. Re1 Rde8 37. Rhe3 Qd6 38. Ng3 Rxe3 39. Rxe3 Rxe3 40. Qxe3 h5
41. Qe8+ Kh7 42. Qe4 h4 43. Nf5 Qe5 44. Qxe5 Nxe5 45. d6 g5 46. g4 Kg6 47. h3
Kf7 48. Kf2 Ke6 49. Ke2 Nxc4 50. Kd3 Nxd6 51. Ne3 Ke5 52. Ng2 Ne4 53. Kc4 Nc3
54. Kxc5 Nxa2 55. Ne3 Kf4 56. Kd4 Kg3 57. Ke4 Nc1 58. Nc2 a2 59. Na1 Kxh3 60.
Kf3 Kh2 0-1

[Event "SF Katernberg 2 - DJK Aufwärts Aachen 2"]
[Site "NRW-Klasse, Gruppe 2 2014/201"]
[Date "2015.03.22"]
[Round "8.8"]
[White "Stratmann, Holger"]
[Black "van Oosterom, Chiel"]
[Result "0-1"]
[WhiteElo "1974"]
[BlackElo "2414"]
[PlyCount "56"]
[EventDate "2015.??.??"]
[WhiteTeam "SF Katernberg 2"]
[BlackTeam "DJK Aufwärts Aachen 2"]

1. e4 c5 2. Nf3 d6 3. Bb5+ Bd7 4. Bxd7+ Qxd7 5. O-O Nc6 6. d4 cxd4 7. Nxd4 Nf6
8. Nc3 g6 9. f3 Bg7 10. Be3 O-O 11. Qd2 Rfc8 12. Nxc6 Qxc6 13. Bd4 b5 14. Rf2
Qb7 15. Re1 Rc4 16. Ne2 Rac8 17. c3 a5 18. Qd3 e5 19. Be3 d5 20. exd5 Nxd5 21.
Bc1 Rd8 22. Rd1 Rc7 23. Rff1 Rcd7 24. Qc2 Qc6 25. Qb3 a4 26. Qc2 Nb4 27. Rxd7
Qb6+ 28. Be3 Qxe3+ 0-1

[Event "SK Münster 1 - Gütersloher SV 1"]
[Site "NRW-Klasse, Gruppe 2 2014/201"]
[Date "2015.03.22"]
[Round "8.1"]
[White "Grochtmann, Stephan"]
[Black "Kuijf, Marinus"]
[Result "0-1"]
[WhiteElo "2084"]
[BlackElo "2339"]
[PlyCount "70"]
[EventDate "2015.??.??"]
[WhiteTeam "Gütersloher SV 1"]
[BlackTeam "SK Münster 1"]

1. e4 e6 2. d4 d5 3. Nc3 Nf6 4. Bg5 Be7 5. e5 Nfd7 6. h4 h6 7. Bxe7 Qxe7 8. Qg4
O-O 9. f4 c5 10. dxc5 f6 11. Nf3 fxe5 12. fxe5 Nc6 13. Qg3 Qxc5 14. O-O-O Qe3+
15. Kb1 Qf4 16. Qxf4 Rxf4 17. Re1 Nc5 18. Bb5 Bd7 19. Ne2 Rg4 20. g3 Rf8 21.
Nh2 Re4 22. Bxc6 bxc6 23. Nf4 Rxe1+ 24. Rxe1 Ne4 25. Ng6 Rf2 26. Ng4 Rg2 27.
Kc1 Nxg3 28. Nf4 Ne2+ 29. Rxe2 Rxg4 30. Rf2 Rxh4 31. Ng6 Rg4 32. Rf8+ Kh7 33.
Ne7 h5 34. Rd8 h4 35. Rxd7 h3 0-1

[Event "SK Münster 1 - Gütersloher SV 1"]
[Site "NRW-Klasse, Gruppe 2 2014/201"]
[Date "2015.03.22"]
[Round "8.2"]
[White "Webb, Laurence"]
[Black "Ebert, Manuel"]
[Result "1-0"]
[WhiteElo "2225"]
[BlackElo "2124"]
[Annotator "Hausrath,Daniel"]
[PlyCount "164"]
[EventDate "2015.??.??"]
[WhiteTeam "SK Münster 1"]
[BlackTeam "Gütersloher SV 1"]

1. e4 c5 2. Nf3 e6 3. c3 Nf6 4. Bd3 d6 5. Bc2 Nbd7 6. d4 Be7 7. O-O Qc7 8. Re1
e5 9. Nbd2 O-O 10. Nf1 Rd8 11. Ng3 g6 12. Qe2 b5 13. dxe5 dxe5 14. a4 bxa4 15.
Bxa4 a5 16. Bb5 Nb6 17. Nd2 Nfd7 18. Ngf1 Bb7 19. Ne3 Bg5 20. Nec4 Bxd2 21.
Bxd2 Nxc4 22. Bxc4 Nb6 23. Bg5 Rd6 24. Bb5 f6 25. Bh6 Bc8 26. Be3 Be6 27. f3 c4
28. Qf2 Nd7 29. h4 Rb8 30. Ba4 Nb6 31. Bc2 Nc8 32. Ra2 Ne7 33. Rea1 Ra6 34. Rd1
Rd6 35. Rxd6 Qxd6 36. Bc5 Qd8 37. Ba3 Kf7 38. Ra1 Qb6 $11 39. Rd1 Qxf2+ 40.
Kxf2 Rb7 41. Ba4 Nc8 42. Rd8 Na7 43. Be8+ Kg7 44. Ke3 Nb5 45. Bc6 Rb6 46. Bf8+
Kf7 47. Bd5 Bxd5 48. exd5 f5 49. Bc5 Rb7 50. g4 Kf6 51. gxf5 gxf5 52. f4 e4 53.
Rf8+ Rf7 54. Rb8 Nc7 55. Rb6+ Kg7 56. Bd4+ Kf8 57. Bc5+ Ke8 58. Kd4 Rd7 59.
Rb8+ Kf7 60. Rf8+ Kg6 61. h5+ Kxh5 62. Rxf5+ Kg4 63. Re5 e3 64. Kxc4 Kxf4 65.
Rxe3 Nxd5 66. Rd3 Ke4 67. Rd4+ Ke5 68. Rh4 Nf4 69. Bd4+ Kf5 70. Rh6 Ke4 71. Kb5
Nd3 72. Rh2 Rd5+ 73. Kc4 Ne5+ 74. Bxe5 Rxe5 75. Rxh7 Re8 76. Rb7 Ke3 77. Kb5
Ra8 78. c4 Kd4 79. c5 Kd5 80. c6 Rc8 81. Rd7+ Ke6 82. Rd2 a4 1-0

[Event "SK Münster 1 - Gütersloher SV 1"]
[Site "NRW-Klasse, Gruppe 2 2014/201"]
[Date "2015.03.22"]
[Round "8.3"]
[White "Plaßmann, Dominik"]
[Black "Chilla, Jan Eric"]
[Result "0-1"]
[WhiteElo "2052"]
[BlackElo "2189"]
[Annotator "Hausrath,Daniel"]
[PlyCount "60"]
[EventDate "2015.??.??"]
[WhiteTeam "Gütersloher SV 1"]
[BlackTeam "SK Münster 1"]

1. e4 e5 2. f4 exf4 3. Bc4 Nf6 4. Nc3 c6 5. Bb3 d5 6. exd5 cxd5 7. d4 Bd6 8.
Nf3 O-O 9. O-O Nc6 10. Nxd5 Nxd5 11. Bxd5 Bg4 12. c3 Qd7 13. Qd3 Ne7 14. Ng5
Ng6 15. Be4 Rae8 16. h3 Bh5 17. Bf5 Qd8 18. Ne4 Bb8 19. b3 Qd5 20. g4 fxg3 21.
Ba3 g2 22. Rf2 Nf4 23. Rxf4 Bxf4 24. Bxh7+ $11 Kh8 25. c4 Qe6 26. Bxf8 Rxf8 27.
Kxg2 f5 28. Rf1 Kxh7 29. Rxf4 fxe4 30. Rxe4 Qg6+ 0-1

[Event "SK Münster 1 - Gütersloher SV 1"]
[Site "NRW-Klasse, Gruppe 2 2014/201"]
[Date "2015.03.22"]
[Round "8.4"]
[White "Molinaroli, Martin"]
[Black "Hanhoerster, Stephan"]
[Result "0-1"]
[WhiteElo "2229"]
[BlackElo "2081"]
[PlyCount "24"]
[EventDate "2015.??.??"]
[WhiteTeam "SK Münster 1"]
[BlackTeam "Gütersloher SV 1"]

1. d4 d5 2. c4 dxc4 3. Nf3 a6 4. a4 Nf6 5. Nc3 Bg4 6. Ne5 Bh5 7. g3 e6 8. Bg2
c5 9. Bxb7 Ra7 10. Bc6+ Nxc6 11. Nxc6 Qa8 12. d5 Nxd5 0-1

[Event "SK Münster 1 - Gütersloher SV 1"]
[Site "NRW-Klasse, Gruppe 2 2014/201"]
[Date "2015.03.22"]
[Round "8.5"]
[White "Janyska, Dennis"]
[Black "Bolwerk, Peter"]
[Result "1/2-1/2"]
[WhiteElo "1998"]
[BlackElo "2184"]
[Annotator "Hausrath,Daniel"]
[PlyCount "132"]
[EventDate "2015.??.??"]
[WhiteTeam "Gütersloher SV 1"]
[BlackTeam "SK Münster 1"]

1. d4 Nf6 2. Bg5 e6 3. Nd2 Be7 4. Ngf3 d6 5. e4 Nbd7 6. Bd3 O-O 7. O-O e5 8.
dxe5 Nxe5 9. Nxe5 dxe5 10. Nc4 Nd7 11. Be3 Bf6 12. c3 Qe7 13. b4 Rd8 14. Qe2 b6
15. Rfd1 Nf8 16. a4 Ng6 17. g3 Bb7 18. a5 Qe6 19. Nd2 Ne7 20. Bc4 Qh3 21. Ba6
Qc8 22. Bxb7 Qxb7 23. f3 Qc6 24. c4 Qe8 25. b5 Ng6 26. c5 bxc5 27. Bxc5 Nf8 28.
Bxf8 Qxf8 29. Nf1 Qc5+ 30. Kg2 Bg5 31. h4 Bh6 32. Rxd8+ Rxd8 33. Rd1 Rd4 34.
Rxd4 exd4 35. f4 Qc3 36. Qd2 Qc4 37. e5 g6 38. Nh2 Qc3 39. Nf3 Bf8 40. Qxd4
Qxa5 41. Qc4 Be7 42. h5 Qb6 43. Nd4 Kf8 44. Qd5 a5 45. bxa6 Qxa6 46. hxg6 hxg6
47. e6 c5 48. Nc6 Qe2+ 49. Kg1 Qxe6 50. Qxe6 fxe6 51. Ne5 Kg7 52. Kf2 g5 53.
Ke3 gxf4+ 54. gxf4 Bf6 55. Nc4 Be7 56. Ke4 $11 Kf6 57. Ne3 Bd6 58. Nc4 Ke7 59.
f5 exf5+ 60. Kxf5 Bg3 61. Kg4 Be1 62. Kf5 Bc3 63. Ke4 Ke6 64. Nb6 Bg7 65. Kd3
Kd6 66. Kc4 Kc6 1/2-1/2

[Event "SK Münster 1 - Gütersloher SV 1"]
[Site "NRW-Klasse, Gruppe 2 2014/201"]
[Date "2015.03.22"]
[Round "8.7"]
[White "Krueger, Tim"]
[Black "Rott, Georg"]
[Result "1/2-1/2"]
[WhiteElo "2036"]
[BlackElo "2113"]
[PlyCount "81"]
[EventDate "2015.??.??"]
[WhiteTeam "Gütersloher SV 1"]
[BlackTeam "SK Münster 1"]

1. d4 d5 2. c4 c6 3. Nf3 Nf6 4. Nc3 dxc4 5. a4 Bf5 6. Ne5 Nbd7 7. Nxc4 Qc7 8.
Qd2 e6 9. Qf4 O-O-O 10. Qxc7+ Kxc7 11. Bf4+ Kc8 12. e3 Ne8 13. Be2 f6 14. g4
Bg6 15. h4 Nb6 16. Nxb6+ axb6 17. Bc4 Bf7 18. Ke2 Bd6 19. Bxd6 Nxd6 20. Bd3 h6
21. b4 Rhe8 22. a5 b5 23. Rhc1 Kb8 24. a6 bxa6 25. Rxa6 Kb7 26. Rca1 Ra8 27.
Rxa8 Rxa8 28. Rxa8 Kxa8 29. Ne4 Nxe4 30. Bxe4 Kb7 31. f4 g5 32. fxg5 fxg5 33.
hxg5 hxg5 34. Bf3 Kc7 35. e4 Kd6 36. e5+ Kd7 37. Be4 Kc7 38. Ke3 Kd7 39. Bd3
Ke7 40. Bc2 Be8 41. Be4 1/2-1/2

[Event "SK Münster 1 - Gütersloher SV 1"]
[Site "NRW-Klasse, Gruppe 2 2014/201"]
[Date "2015.03.22"]
[Round "8.8"]
[White "Haberkamp, Carl"]
[Black "Kretschmann, Michael"]
[Result "0-1"]
[WhiteElo "1866"]
[BlackElo "2049"]
[PlyCount "72"]
[EventDate "2015.??.??"]
[WhiteTeam "SK Münster 1"]
[BlackTeam "Gütersloher SV 1"]

1. d4 g6 2. c4 Bg7 3. Nc3 d6 4. e4 Nf6 5. Nf3 O-O 6. Be2 e5 7. O-O exd4 8. Nxd4
Re8 9. f3 Nc6 10. Be3 Nh5 11. Bf2 Nf4 12. Nxc6 bxc6 13. Qc2 h5 14. Be3 Qg5 15.
Bxf4 Qxf4 16. g3 Qe3+ 17. Kg2 Rb8 18. Rad1 h4 19. Rd3 Qh6 20. Rh1 h3+ 21. Kf2
Qh5 22. Na4 c5 23. Re1 Bd4+ 24. Kf1 Qe5 25. Rb3 Bd7 26. Nc3 Rxb3 27. axb3 Bc6
28. Ra1 f5 29. Rxa7 fxe4 30. Nxe4 Bxe4 31. Qxe4 Qxe4 32. fxe4 Rf8+ 33. Ke1 Rf2
34. Kd2 Rxh2 35. Ra1 Rg2 36. Rh1 h2 0-1

[Event "SK Königsspringer Iserlohn 1 - Herforde"]
[Site "NRW-Klasse, Gruppe 2 2014/201"]
[Date "2015.03.22"]
[Round "8.1"]
[White "Nordsieck, Thomas"]
[Black "Scheider, Julian"]
[Result "1/2-1/2"]
[WhiteElo "2276"]
[BlackElo "2284"]
[PlyCount "128"]
[EventDate "2015.??.??"]
[WhiteTeam "Herforder SV Königsspringer 1"]
[BlackTeam "SK Königsspringer Iserlohn 1"]

1. Nf3 Nf6 2. g3 g6 3. Bg2 Bg7 4. O-O d5 5. c4 c6 6. cxd5 cxd5 7. d4 Ne4 8. Ne5
O-O 9. Nd2 Nxd2 10. Bxd2 Nc6 11. Nxc6 bxc6 12. Bc3 Qb6 13. Qd2 Re8 14. Rfe1 e5
15. dxe5 Bxe5 16. Bxe5 Rxe5 17. Rac1 Bf5 18. e3 Rb8 19. b3 h5 20. Qc3 Re6 21.
Red1 Qb4 22. Rd4 Qxc3 23. Rxc3 Rb6 24. h4 Kf8 25. Kf1 Re7 26. Ra4 Rd7 27. Ke1
Ke7 28. Rd4 Ra6 29. Rd2 Rb6 30. Kd1 Kd6 31. Kc1 a5 32. e4 Be6 33. Rcd3 Rb5 34.
exd5 cxd5 35. Rc3 Rc7 36. Rxc7 Kxc7 37. Kc2 Kd6 38. Bf1 Rb4 39. a3 Rb8 40. Rd4
Bf5+ 41. Kb2 Ke5 42. Rd2 Be4 43. Be2 Bf5 44. Bf1 Be6 45. Bd3 d4 46. f4+ Kd6 47.
Bc2 Kc5 48. Bd1 Bf5 49. Re2 d3 50. Re5+ Kd4 51. Kc1 Bg4 52. Rxa5 Bxd1 53. Kxd1
Rxb3 54. Ra7 f5 55. Ra6 Rb1+ 56. Kd2 Rb2+ 57. Kd1 Ra2 58. a4 Ke3 59. Re6+ Kd4
60. Rd6+ Ke3 61. Re6+ Kf3 62. Rxg6 Rxa4 63. Kd2 Rd4 64. Rg8 Rd5 1/2-1/2

[Event "SK Königsspringer Iserlohn 1 - Herforde"]
[Site "NRW-Klasse, Gruppe 2 2014/201"]
[Date "2015.03.22"]
[Round "8.2"]
[White "Schmuecker, Marcus"]
[Black "Wolf, Andre"]
[Result "1/2-1/2"]
[WhiteElo "2184"]
[BlackElo "2143"]
[PlyCount "126"]
[EventDate "2015.??.??"]
[WhiteTeam "SK Königsspringer Iserlohn 1"]
[BlackTeam "Herforder SV Königsspringer 1"]

1. d4 d5 2. c4 e6 3. Nc3 c6 4. Nf3 Nf6 5. Bg5 dxc4 6. e4 b5 7. e5 h6 8. Bh4 g5
9. Nxg5 hxg5 10. Bxg5 Be7 11. exf6 Bxf6 12. Be3 Bb7 13. Qf3 Be7 14. g3 Nd7 15.
Bg2 b4 16. Ne4 f5 17. Nd2 c3 18. bxc3 bxc3 19. Nb3 Rb8 20. O-O c5 21. Qe2 Bxg2
22. Kxg2 Rb4 23. Rac1 c4 24. Na1 Nf6 25. Rxc3 Qd5+ 26. f3 Ng4 27. Bg1 Kf7 28.
Rfc1 Rc8 29. a3 Ra4 30. Nc2 Bg5 31. Re1 Nf6 32. Nb4 Rxb4 33. axb4 Qc6 34. b5
Qd5 35. Be3 f4 36. Bf2 Kg7 37. Qxe6 Qxe6 38. Rxe6 Nd5 39. Ra3 c3 40. Rxa7+ Kf8
41. Rc6 Rxc6 42. bxc6 Bd8 43. Ra8 Ke7 44. gxf4 Bc7 45. Ra2 Kd6 46. Kf1 Kxc6 47.
Ke1 Kb5 48. Bg3 Bb6 49. Ra1 Kc4 50. f5 Bxd4 51. Rd1 Bf6 52. Rxd5 Kxd5 53. Kd1
Kd4 54. Kc2 Ke3 55. Be1 Kxf3 56. Bxc3 Be7 57. Bg7 Bd6 58. h3 Ke4 59. f6 Be5 60.
h4 Kf5 61. h5 Bxf6 62. h6 Kg6 63. Bxf6 Kxh6 1/2-1/2

[Event "SK Königsspringer Iserlohn 1 - Herforde"]
[Site "NRW-Klasse, Gruppe 2 2014/201"]
[Date "2015.03.22"]
[Round "8.3"]
[White "Pieper-Emden, Carsten"]
[Black "Kramps, Rene"]
[Result "1/2-1/2"]
[WhiteElo "2164"]
[BlackElo "2039"]
[PlyCount "23"]
[EventDate "2015.??.??"]
[WhiteTeam "Herforder SV Königsspringer 1"]
[BlackTeam "SK Königsspringer Iserlohn 1"]

1. e4 e6 2. d4 d5 3. exd5 exd5 4. Nf3 Nf6 5. Bd3 Be7 6. O-O O-O 7. Re1 Bg4 8.
h3 Bh5 9. Bf4 c5 10. dxc5 Bxc5 11. Be3 Nbd7 12. Nbd2 1/2-1/2

[Event "SK Königsspringer Iserlohn 1 - Herforde"]
[Site "NRW-Klasse, Gruppe 2 2014/201"]
[Date "2015.03.22"]
[Round "8.4"]
[White "Franke, Thomas"]
[Black "Loemker, Michael"]
[Result "1/2-1/2"]
[WhiteElo "2076"]
[BlackElo "2092"]
[Annotator "Hausrath,Daniel"]
[PlyCount "97"]
[EventDate "2015.??.??"]
[WhiteTeam "SK Königsspringer Iserlohn 1"]
[BlackTeam "Herforder SV Königsspringer 1"]

1. e4 g6 2. d4 Bg7 3. Nc3 d6 4. f4 a6 5. Nf3 b5 6. Bd3 e6 7. e5 Bb7 8. Ne4 Ne7
9. O-O O-O 10. c3 Bxe4 11. Bxe4 Nbc6 12. Qe1 Qd7 13. Qh4 f6 14. Qh3 Rad8 15.
Be3 Nd5 16. Rae1 Nxe3 17. Rxe3 Ne7 18. exf6 Rxf6 19. g3 h6 20. Rd1 b4 21. Qg2
bxc3 22. bxc3 Rb8 23. Qc2 Qb5 $11 24. c4 Qa5 25. Rb3 Rxb3 26. axb3 Qb4 27. Ra1
Qb6 28. Ra4 Rf8 29. c5 Qa7 30. Bxg6 dxc5 31. Bd3 Qb7 32. Ne5 cxd4 33. Rxa6 Bxe5
34. fxe5 Qf3 35. Qe2 Qxe2 36. Bxe2 c6 37. Bg4 Kf7 38. Bh5+ Kg8 39. Ra7 Nf5 40.
Be2 Ng7 41. Rd7 Rf5 42. Rxd4 Rxe5 43. Bc4 Kf7 44. Rd7+ Kf6 45. Rc7 c5 46. Kf2
Nf5 47. h4 Ne3 48. Be2 Nf5 49. Bc4 1/2-1/2

[Event "SK Königsspringer Iserlohn 1 - Herforde"]
[Site "NRW-Klasse, Gruppe 2 2014/201"]
[Date "2015.03.22"]
[Round "8.5"]
[White "Quelle, Helmut"]
[Black "Messarius, Juergen"]
[Result "0-1"]
[WhiteElo "2070"]
[BlackElo "2131"]
[PlyCount "54"]
[EventDate "2015.??.??"]
[WhiteTeam "Herforder SV Königsspringer 1"]
[BlackTeam "SK Königsspringer Iserlohn 1"]

1. Nf3 f5 2. g3 g6 3. Bg2 Bg7 4. c4 c6 5. O-O d6 6. Nc3 Nf6 7. d3 O-O 8. e4 Na6
9. Rb1 Nc5 10. Re1 a5 11. Nd4 Ng4 12. Nf3 Qb6 13. Be3 Nxe3 14. Rxe3 f4 15. gxf4
Rxf4 16. e5 dxe5 17. Ne2 Rf8 18. Nxe5 Bf5 19. d4 Bxb1 20. Qxb1 Qc7 21. Nxg6
hxg6 22. dxc5 e5 23. Qxg6 Qf7 24. Qg3 Rad8 25. Be4 Qf6 26. Qg4 Qxf2+ 27. Kh1
Qxe3 0-1

[Event "SK Königsspringer Iserlohn 1 - Herforde"]
[Site "NRW-Klasse, Gruppe 2 2014/201"]
[Date "2015.03.22"]
[Round "8.6"]
[White "Klauke, Stefan"]
[Black "Bentel, Robin"]
[Result "1-0"]
[WhiteElo "2081"]
[BlackElo "2120"]
[PlyCount "75"]
[EventDate "2015.??.??"]
[WhiteTeam "SK Königsspringer Iserlohn 1"]
[BlackTeam "Herforder SV Königsspringer 1"]

1. e4 c5 2. Nf3 d6 3. Bb5+ Nd7 4. O-O a6 5. Bxd7+ Bxd7 6. d4 cxd4 7. Qxd4 e5 8.
Qd3 h6 9. c4 Nf6 10. Nc3 Qc7 11. b3 Be7 12. a4 O-O 13. Ba3 Be6 14. Rac1 Nh5 15.
Nd5 Bxd5 16. Qxd5 Nf4 17. Qd2 f5 18. exf5 Rxf5 19. Rcd1 Rf6 20. Qe3 Qc6 21. Ne1
Bd8 22. c5 d5 23. Qxe5 Bc7 24. Qb2 Re8 25. Nd3 Re2 26. Qb1 Nxg2 27. Nb4 Qe6 28.
Nxd5 Qg4 29. Nxf6+ gxf6 30. h3 Qg5 31. Kh1 Re3 32. fxe3 Qg3 33. Rd8+ Bxd8 34.
Qf5 Nxe3 35. Qe6+ Kh8 36. Qe8+ Kh7 37. Qd7+ Qg7 38. Qd3+ 1-0

[Event "SK Königsspringer Iserlohn 1 - Herforde"]
[Site "NRW-Klasse, Gruppe 2 2014/201"]
[Date "2015.03.22"]
[Round "8.7"]
[White "Heuermann, Heinz-Burkhard"]
[Black "Schwanbeck, Christoph"]
[Result "0-1"]
[WhiteElo "1967"]
[BlackElo "2018"]
[Annotator "Hausrath,Daniel"]
[PlyCount "88"]
[EventDate "2015.??.??"]
[WhiteTeam "Herforder SV Königsspringer 1"]
[BlackTeam "SK Königsspringer Iserlohn 1"]

1. Nf3 d6 2. d4 Nf6 3. c4 Nbd7 4. Nc3 e5 5. e4 Be7 6. Be2 O-O 7. O-O c6 8. h3
Re8 9. Re1 exd4 10. Nxd4 Nc5 11. Bf3 Nfd7 12. b4 Ne6 13. Nf5 Ne5 14. Nxe7+ Qxe7
15. Be2 Qf6 16. Bd2 g5 17. Rc1 Nf4 18. Be3 Qh6 19. Bd4 Bxh3 20. Bf1 Bd7 21.
Bxe5 Rxe5 22. c5 g4 23. Qxd6 Ng6 24. Ne2 Be6 25. Ng3 Re8 26. Red1 Qg5 27. Qd2
$11 Nf4 28. Qc3 h5 29. Rd6 h4 30. Nf5 Bxf5 31. exf5 Qxf5 32. Rcd1 h3 33. gxh3
gxh3 34. Qg3+ Kf8 35. Rd8 Qf6 36. Rxe8+ Rxe8 37. Kh2 Re5 38. Rd6 Ne6 39. Bd3
Rg5 40. Rxe6 fxe6 41. Qd6+ Kg7 42. Qd7+ Qf7 43. Qd4+ e5 44. Qh4 Qf4+ 0-1

[Event "SK Königsspringer Iserlohn 1 - Herforde"]
[Site "NRW-Klasse, Gruppe 2 2014/201"]
[Date "2015.03.22"]
[Round "8.8"]
[White "Schartau, Bernd"]
[Black "Friesen, Viktor"]
[Result "0-1"]
[WhiteElo "1926"]
[BlackElo "2146"]
[PlyCount "80"]
[EventDate "2015.??.??"]
[WhiteTeam "SK Königsspringer Iserlohn 1"]
[BlackTeam "Herforder SV Königsspringer 1"]

1. d4 d5 2. Nf3 Bg4 3. Bf4 Nd7 4. e3 c6 5. Nbd2 Ngf6 6. c4 e6 7. Qb3 Qb6 8. c5
Qxb3 9. axb3 Nh5 10. Bc7 Rc8 11. Bg3 Nxg3 12. hxg3 a6 13. b4 Be7 14. Nh2 Bf5
15. f4 O-O 16. Nb3 Nf6 17. Nd2 Rce8 18. Be2 Ne4 19. Nxe4 Bxe4 20. Bf3 Bg6 21.
O-O-O Bd8 22. Be2 f6 23. Bd3 Bxd3 24. Rxd3 e5 25. Ng4 exd4 26. exd4 Re2 27. Rd2
Rfe8 28. Kd1 R2e6 29. Kc2 g6 30. Rhd1 Kg7 31. Rf2 a5 32. bxa5 Bxa5 33. Ra1 Be1
34. Rf3 Re2+ 35. Kb3 h5 36. Nh2 R8e3+ 37. Ka2 Rxf3 38. Rxe1 Rff2 39. Rb1 Rxg2
40. Nf1 Rg1 0-1

[Event "SV Castrop-Rauxel 1 - Bahn-SC Wuppertal"]
[Site "NRW-Klasse, Gruppe 2 2014/201"]
[Date "2015.03.22"]
[Round "8.1"]
[White "Savchenko, Vyacheslav"]
[Black "Kartsev, Soel"]
[Result "1-0"]
[WhiteElo "2358"]
[BlackElo "2208"]
[PlyCount "93"]
[EventDate "2015.??.??"]
[WhiteTeam "Bahn-SC Wuppertal 1"]
[BlackTeam "SV Castrop-Rauxel 1"]

1. e4 c5 2. Nf3 d6 3. d4 cxd4 4. Nxd4 Nf6 5. Nc3 Nc6 6. Be2 e6 7. Be3 Be7 8. g4
d5 9. exd5 Nxd5 10. Nxd5 Qxd5 11. Bf3 Qa5+ 12. Qd2 Qxd2+ 13. Kxd2 Ne5 14. Be2
Bd7 15. f4 Nc6 16. Bf3 O-O-O 17. Nxc6 Bxc6+ 18. Ke2 Bxf3+ 19. Kxf3 h5 20. h3 a6
21. Ke4 Kc7 22. Raf1 b5 23. c4 bxc4 24. Bd4 Bf6 25. Bxf6 gxf6 26. g5 f5+ 27.
Ke5 Rd5+ 28. Kf6 Rf8 29. Rc1 Rd4 30. Rhf1 Kd6 31. Rfd1 Kd5 32. Rxd4+ Kxd4 33.
Rc2 e5 34. fxe5 Re8 35. Kxf7 Rxe5 36. g6 f4 37. g7 Rg5 38. g8=Q Rxg8 39. Kxg8
Kd3 40. Rc3+ Ke2 41. Rxc4 f3 42. Re4+ Kd3 43. Rf4 Ke2 44. b4 f2 45. a4 f1=Q 46.
Rxf1 Kxf1 47. b5 1-0

[Event "SV Castrop-Rauxel 1 - Bahn-SC Wuppertal"]
[Site "NRW-Klasse, Gruppe 2 2014/201"]
[Date "2015.03.22"]
[Round "8.2"]
[White "Kartsev, Alexandr"]
[Black "Khanukov, Boris"]
[Result "1/2-1/2"]
[WhiteElo "2170"]
[BlackElo "2231"]
[PlyCount "63"]
[EventDate "2015.??.??"]
[WhiteTeam "SV Castrop-Rauxel 1"]
[BlackTeam "Bahn-SC Wuppertal 1"]

1. d4 Nf6 2. Nf3 e6 3. c4 c5 4. e3 Be7 5. Be2 O-O 6. O-O cxd4 7. exd4 d5 8. Nc3
Nc6 9. a3 b6 10. Re1 Bb7 11. Bg5 Rc8 12. Bxf6 Bxf6 13. cxd5 exd5 14. Bb5 Na5
15. Qe2 Rc7 16. Ne5 Nc4 17. Rad1 Qc8 18. Bxc4 dxc4 19. Nb5 Bxe5 20. dxe5 Rc5
21. Nd6 Qc6 22. Nxb7 Qxb7 23. e6 fxe6 24. Qxe6+ Qf7 25. Rd7 Qxe6 26. Rxe6 Rcf5
27. Ree7 R8f7 28. Rd8+ Rf8 29. Rdd7 R8f7 30. Re8+ Rf8 31. Ree7 R8f7 32. Re8+
1/2-1/2

[Event "SV Castrop-Rauxel 1 - Bahn-SC Wuppertal"]
[Site "NRW-Klasse, Gruppe 2 2014/201"]
[Date "2015.03.22"]
[Round "8.3"]
[White "Savchenko, Aleksij"]
[Black "Boehnke, Martin"]
[Result "1-0"]
[WhiteElo "2193"]
[BlackElo "2097"]
[PlyCount "65"]
[EventDate "2015.??.??"]
[WhiteTeam "Bahn-SC Wuppertal 1"]
[BlackTeam "SV Castrop-Rauxel 1"]

1. e4 c5 2. Nf3 d6 3. d4 cxd4 4. Nxd4 Nf6 5. Nc3 a6 6. f4 Qc7 7. Be2 e5 8. Nb3
b5 9. Bf3 Bb7 10. O-O Nbd7 11. a4 bxa4 12. Rxa4 Nb6 13. Ra2 Nc4 14. Kh1 Be7 15.
f5 O-O 16. g4 h6 17. h4 d5 18. exd5 e4 19. Nxe4 Nxd5 20. Qe2 Ne5 21. Bg2 Nb4
22. Ra5 Nc4 23. Bf4 Qc8 24. f6 gxf6 25. Rh5 Re8 26. Bxh6 Ne5 27. Nbc5 Bxe4 28.
Nxe4 Qxg4 29. Qxg4+ Nxg4 30. Bh3 Nxh6 31. Rg1+ Kf8 32. Rxh6 Bd8 33. Nd6 1-0

[Event "SV Castrop-Rauxel 1 - Bahn-SC Wuppertal"]
[Site "NRW-Klasse, Gruppe 2 2014/201"]
[Date "2015.03.22"]
[Round "8.4"]
[White "Hille, Ralph Ingo"]
[Black "Tueckmantel, Rene"]
[Result "1/2-1/2"]
[WhiteElo "2072"]
[BlackElo "2116"]
[Annotator "Hausrath,Daniel"]
[PlyCount "86"]
[EventDate "2015.??.??"]
[WhiteTeam "SV Castrop-Rauxel 1"]
[BlackTeam "Bahn-SC Wuppertal 1"]

1. b3 e5 2. Bb2 Nc6 3. c4 g6 4. e3 Bg7 5. Be2 Nge7 6. a3 a5 7. Qc2 O-O 8. d3 d5
9. cxd5 Nxd5 10. Nd2 Qg5 11. Bf3 Rd8 12. Ne4 Qe7 13. Rd1 f5 14. Nc5 b6 15. Na4
Bb7 16. Ne2 Kh8 17. O-O Rd6 18. Nac3 Na7 19. Nxd5 Bxd5 20. Bxd5 Rxd5 21. e4 Rc5
22. Qb1 Qf7 23. exf5 Qxb3 24. Bxe5 Qxb1 25. Bxg7+ Kxg7 26. Rxb1 Rxf5 27. Rfc1
Rf7 28. d4 $11 Rd8 29. Rc2 Rdd7 30. a4 Nc8 31. f3 Ne7 32. Kf2 Nd5 33. Rc4 Rfe7
34. Rb3 Kf7 35. Nc1 Nb4 36. Re3 Rxe3 37. Kxe3 Ke6 38. Ne2 Kd5 39. Rc3 Re7+ 40.
Kd2 c6 41. Rc1 Rd7 42. Ke3 Re7+ 43. Kd2 Rc7 1/2-1/2